000 00742cam a22002531 4500
999 _c127742
_d127742
001 1694727
003 ARRUPE
005 20180322111617.0
008 801009s1960 fr bd 000 0 fre c
010 _aa 62001139
040 _aIllinois. Univ. Library
_cDLC
_dDLC
043 _ae-fr---
050 0 0 _aREF. PN6406
_b.D51
100 1 _aMaloux, Maurice,
_eed.
_940867
245 0 0 _aDictionnaire des proverbes, sentences, et maximes.
_cMaurice Maloux
260 _aParis,
_bLibraire Larousse
_c[1960]
300 _axvi, 628 p.
_c20 cm.
504 _aBibliography: p. [xiii]-xvi.
650 0 _aProverbs.
_935456
650 0 _aProverbs, French.
_940854
650 0 _aMaxims.
_940868
650 0 _aQuotations.
_935454
906 _a7
_bcbc
_corignew
_du
_encip
_f19
_gy-gencatlg
942 _2lcc
_cREFERENCE